1354 1864 1843 1404 1471 1358 1453 1894 1417 1131 1867 1779 1400 1072 1390 1433 1791 1926 1920 1236 1278 1034 1337 1482 1652 1245 1352 1004 1762 1314 1198 1897 1044 1624 1152 1354 1454 1162 1316 1546 1258 1486 1815 1362 1569 1728 1424 1758 1447 1432 1241 1030 1174 1487 1837 1459 1825 1705 1437 1214 1744 1775 1567 1636 1914 1613 1854 1850 1836 1520 1369 1767 1925 1833 1537 1368 1990 1448 1675 1570 1151 1743 1827 1034 1929 1334 1534 1491 1571 1821 1370 1389 1332 1917 1921 1596 1670 1078 1931 BCNSPRNW ULIB Ver.6.0+V

เปลี่ยนเป็นภาษาไทย

Change to English
 แสดงรายละเอียดบรรณานุกรม
  กลับหน้าหลัก

Brief Record : Get Marc (ISO 2709) : E-mail record : QR code < ปิดหน้าต่าง
LEADER : 00000nam 2200000uu 4500
001    13399122336
003     ULIB
008    130214s2549||||th 000 0 tha d
099    วจ.WT120^bอ857ค
100 0  อมาวสี อัมพันศิริรัตน์ และคณะ
245 00 ความต้องการระบบบริการสุขภาพของผุ้สุงอายุในเขตเทศบาลนครสงขลา^cโดยอมาวสี อัมพันศิริรัตน์ และคณะ
246 0  The Elderly health service system need in Songkhla Municiplity area
260    สงขลา:^bวิทยาลัยพยาบาลบรมราชชนนี สงขลา,^c2549
300    73 หน้า
650  0 ระบบบริการสุขภาพ^xวิจัย
650  0 ผู้สูงอาย^xวิจัย
710 1  วิทยาลัยพยาบาลบรมราชชนนี สงขลา
945    ^p0^l0^i033579
999    ^aเกษร โพธิ์สุวรรณ
รายการนี้ยังไม่มีแท็ก
คุณยังไม่ได้ล็อกอิน คุณสามารถมีกิจกรรมร่วมกับเว็บไซต์ได้ แต่ต้องล็อกอินก่อน ::
  ล็อกอิน

รายการสื่อสารสนเทศ

ลำดับที่ ประเภท เลขเรียก/บาร์โค้ด สถานที่ สถานะ
1. งานวิจัย
งานวิจัย
วจ.WT120 อ857ค  
  Barcode: 033579
ห้องสมุดวิทยาเขตสวรรค์ประชารักษ์
►วิจัย
บนชั้น

BibComment


ยังไม่เคยถูกคอมเมนท์

คอมเมนท์ทรัพยากรรายการนี้
  คอมเมนท์: ความต้องการระบบบร..


 Copyright 2026. Bcnsprnw @Library